Statistics for Geografi Efter Bokstav - B

Click here to take the quiz!

General Stats

  • This quiz has been taken 14 times
  • The average score is 12 of 22

Answer Stats

LedtrådSvar% Correct
Tysklands huvudstadBerlin
100%
Lettland, Litauen och EstlandBaltikum
86%
En annan namn för MyanmarBurma
86%
Iraks huvudstadBagdad
79%
Colombias huvudstadBogotá
79%
Rumäniens huvudstadBukarest
79%
Centralamerikansk landBelize
71%
Svensk landskap som gränsar
Skåne och Småland
Blekinge
64%
Land som ligger söder om RwandaBurundi
64%
Halvön där Grekland och Albanian liggerBalkan
57%
Ort av 1992 Olympiska sommarspelenBarcelona
57%
Smeknamn för Bombays filmindustriBollywood
57%
Tysk delstat känd för OktoberfestBayern
50%
Sund mellan Ryssland och AlaskaBering
50%
Italiensk stad med världens
första universitet
Bologna
43%
Spansk stad med en Guggenheim museumBilbao
36%
Stor ö som är delad mellan tre länderBorneo
36%
Forn huvudstad nära ovanBabylon
29%
Queenslands statlig huvudstadBrisbane
29%
Storbritanniens högsta punktBen Nevis
21%
Moskvas mest känd balett teaterBolsjoj
21%
Kannadas första nationalparkBanff
14%

Score Distribution

Percentile by Number Answered

Percent of People with Each Score

Your Score History

You have not taken this quiz